[Event "ACL-A098"]
[Site "www.playchess.de"]
[Date "2001.03.19"]
[Round "6"]
[White "ulibear"]
[Black "Qaurial"]
[WhiteElo "1500"]
[BlackElo "1500"]
[PlyCount "40"]
[Result "0-1"]

1.d4 Nf6 2.c4 c5 3.d5 b5 4.cxb5 a6 5.Nc3 axb5 
6.Nxb5 Ba6 7.a4 {strange early moves forced on me 
in the Benko gambit.}  Bxb5 8.Qb3 {me stupid!!!}  
Ba6 {Yeah that wasn't smart! Though it can 
happen!}  9.Nf3 {true it happens when I do not 
expect it}  d6 {hehe :) Isn't that always the 
case?}  10.Bg5 {correct; so I'll make it als 
diffcicult as possible for you to mate me.}  Nbd7 
11.g3 h6 12.Bd2 {yeah, always ...}  Nb6 13.Ba5 Rb8 
14.Qd1 Qc8 15.b3 Nbxd5 16.Bg2 {oops .. another 
victim}  Nb4 {:)}  17.Rc1 g6 18.O-O Bg7 19.Re1 O-O 
20.e4 Nd3 0-1

[Event "ACL-A087"]
[Site "www.playchess.de"]
[Date "2001.03.19"]
[Round "1"]
[White "Joachim"]
[Black "MicronHead"]
[WhiteElo "1500"]
[BlackElo "1531"]
[PlyCount "50"]
[Result "1/2-1/2"]

1.e4 d5 2.exd5 Qxd5 3.Nc3 Qe6+ 4.Be2 Nf6 5.Nf3 
Nbd7 6.d4 Qb6 7.O-O e6 8.Qd3 Bd6 9.Nb5 O-O 10.Nxd6 
cxd6 11.Be3 Nd5 12.Ng5 N7f6 13.c4 Nxe3 14.fxe3 h6 
15.Rxf6 hxg5 16.Rff1 Re8 17.Bh5 Re7 18.Bxf7+ Rxf7 
19.Rxf7 Kxf7 20.Rf1+ Kg8 21.Qg6 Qxb2 22.Qe8+ Kh7 
23.Rf8 Qc1+ 24.Kf2 Qd2+ 25.Kf1 {it seems this game 
get draw, cause alternative moves as 25. Kf3 or 
Ke3 are to dangerous for white}  
Qc1+ 1/2-1/2

[Event "HCL-A085"]
[Site "www.playchess.de"]
[Date "2001.03.19"]
[Round "6"]
[White "Gruhni"]
[Black "Lydeking"]
[WhiteElo "1323"]
[BlackElo "1530"]
[PlyCount "66"]
[Result "0-1"]

1.e4 {Hello from Frankfurt in Germany!}  c5 
{hello, from Copenhagen}  2.Nf3 Nc6 3.c3 e5 4.d3 
g6 5.Be2 Bg7 6.O-O Nge7 7.Be3 d6 8.Nbd2 O-O 9.Rb1 
f5 10.exf5 gxf5 11.Bg5 Qe8 12.Bxe7 Qxe7 13.Nc4 b5 
14.Na3 a6 15.Nc2 Bb7 16.Nd2 d5 17.b3 e4 18.dxe4 
fxe4 19.c4 Nd4 20.cxd5 Bxd5 21.Nxd4 Bxd4 22.Bh5 
Kh8 23.b4 Rfg8 24.bxc5 Rxg2+ 25.Kxg2 e3+ 26.Kh3 
Qe5 27.fxe3 Rg8 28.Rg1 Be6+ 29.Bg4 Qh5+ 30.Kg2 
Rxg4+ 31.Kh1 Bd5+ 32.Nf3 Bxf3+ 33.Qxf3 
Rxg1+ 0-1

[Event "HCL-A080"]
[Site "www.playchess.de"]
[Date "2001.03.19"]
[Round "17"]
[White "Blitzmich"]
[Black "Dr_Marinko"]
[WhiteElo "1844"]
[BlackElo "1700"]
[PlyCount "53"]
[Result "1-0"]

1.d4 Nf6 {hi...good luck!}  2.c4 {I hope we have 
fun! Ralf}  e6 {No doubt about that,I would say.}  
3.Nc3 {o.k.}  Bb4 4.Nf3 b6 5.Qb3 c5 6.Bg5 O-O 
7.dxc5 Bxc5 8.e4 h6 9.Bh4 Be7 10.e5 Ng4 11.Bxe7 
Qxe7 12.h3 Bb7 13.hxg4 Bxf3 14.gxf3 Nc6 15.f4 Qc5 
16.Ne4 Qd4 17.Bg2 Na5 18.Qc2 Rac8 19.Ng5 g6 
20.Rxh6 Kg7 21.Nxf7 Kxf7 22.Qxg6+ Ke7 23.Qg7+ Rf7 
24.Qg5+ Ke8 25.Rh8+ Rf8 26.Qg6+ Ke7 
27.Qg7+ 1-0

[Event "HCL-C196"]
[Site "www.playchess.de"]
[Date "2001.03.19"]
[Round "8"]
[White "Jovane_Nikolic"]
[Black "Venezuela"]
[WhiteElo "1000"]
[BlackElo "1000"]
[PlyCount "67"]
[Result "1-0"]

1.Nf3 d5 {Good Luck!}  2.c4 d4 3.e4 dxe3 4.fxe3 
Nc6 5.Nc3 e5 6.Be2 Qe7 7.Nd5 Qd6 8.O-O Nge7 9.e4 
Nxd5 10.cxd5 Nd4 11.Nxd4 exd4 12.Qa4+ Bd7 13.Qxd4 
Qg6 14.d3 b6 15.Qe5+ Be7 16.Qxc7 Bh3 17.Bf3 Rc8 
18.Qxa7 Rc2 19.Qa4+ Rc6 20.Qxc6+ Bd7 21.Qxg6 hxg6 
22.Be3 Bd6 23.h3 f6 24.Bxb6 f5 25.Be3 f4 26.Bd4 
Rh7 27.a4 g5 28.a5 g4 29.Bxg4 Bxg4 30.hxg4 {vamos 
jogar toda a partida?}  g5 {Congratulations. You 
are about to win.}  31.a6 {thank... play all game, 
ok?}  Bb8 {I'll try. Please , keep writing in 
portuguese.}  32.a7 {melhor em português?}  Bxa7 
33.Rxa7 Rxa7 {well, I guess you played better, I 
hope I can play with you again. Congratulations.}  
34.Bxa7 1-0

[Event "HCL-A088"]
[Site "www.playchess.de"]
[Date "2001.03.19"]
[Round "20"]
[White "markjburden"]
[Black "Lydeking"]
[WhiteElo "1359"]
[BlackElo "1662"]
[PlyCount "66"]
[Result "1/2-1/2"]

1.d4 f5 2.c4 Nf6 3.Nc3 g6 4.Nf3 Bg7 5.e3 O-O 6.Be2 
d6 7.Qb3 Kh8 8.O-O Qe8 9.Bd2 e5 10.dxe5 dxe5 
11.Rad1 Nc6 12.Nd5 Nxd5 13.cxd5 Nd8 14.Bb4 Rf6 
15.Bc4 Nf7 16.Rfe1 Bd7 17.Qa3 Nd6 18.Bxd6 Rxd6 
19.Ng5 Bf8 20.Qc3 Bg7 21.Qb3 Rb6 22.Qc2 h6 23.Ne6 
Bxe6 24.dxe6 e4 25.b3 Rc6 26.Qe2 a6 27.a4 Rd6 
28.Rxd6 cxd6 29.Rd1 Be5 30.Bd5 Qe7 31.f4 exf3 
32.Qxf3 Rf8 33.e4 fxe4 1/2-1/2

[Event "ACL-A089"]
[Site "www.playchess.de"]
[Date "2001.03.19"]
[Round "18"]
[White "sarx"]
[Black "Yogibear"]
[WhiteElo "1500"]
[BlackElo "1826"]
[PlyCount "48"]
[Result "0-1"]

1.e4 c6 {hello-have a nice game!}  2.d4 {same to 
you chess buddy!}  d5 3.e5 Bf5 4.h4 h5 5.c4 e6 
6.Nc3 Bb4 7.cxd5 Bxc3+ 8.bxc3 cxd5 9.Bd3 Bxd3 
10.Qxd3 Ne7 11.Bg5 Nd7 12.Qb5 Qb6 13.Qxb6 Nxb6 
14.Nf3 Rc8 15.Rc1 Kd7 16.Bxe7 Kxe7 17.O-O Na4 
18.Rcb1 b6 19.Rb4 Nxc3 20.Rb2 Rc4 21.Rc1 Ne2+ 
22.Rxe2 Rxc1+ 23.Kh2 Rhc8 24.Ng5 
R1c2 0-1

[Event "ACL-A104"]
[Site "www.playchess.de"]
[Date "2001.03.19"]
[Round "9"]
[White "Qaurial"]
[Black "Gruhni"]
[WhiteElo "1900"]
[BlackElo "1421"]
[PlyCount "36"]
[Result "1/2-1/2"]

1.e4 c5 2.Nf3 Nc6 3.d4 e6 4.d5 Nce7 5.c4 d6 6.Nc3 
e5 7.Be3 Nf6 8.Be2 Ng6 9.Nd2 Be7 10.O-O O-O 11.f4 
exf4 12.Bxf4 Nxf4 13.Rxf4 Nd7 14.Rf1 Ne5 15.Nf3 
Bf6 16.Qd2 b6 17.a3 Ba6 18.b3 Bb7 1/2-1/2

[Event "HCL-C200"]
[Site "www.playchess.de"]
[Date "2001.03.19"]
[Round "11"]
[White "lienk"]
[Black "king"]
[WhiteElo "1083"]
[BlackElo "869"]
[PlyCount "46"]
[Result "0-1"]

1.e4 e5 2.Nf3 f6 3.Bc4 Nh6 4.O-O b6 5.Bd5 c6 6.Bb3 
Ba6 7.d3 d6 8.Nc3 b5 9.Be3 g5 10.d4 b4 11.Ne2 Qe7 
12.a3 exd4 13.Nfxd4 c5 14.Nf5 Qxe4 15.Nxd6+ Bxd6 
16.Qxd6 c4 17.Ba4+ Kf7 18.Qxb4 Nc6 19.Qd6 Bb7 
20.Ng3 Qd5 21.Qc7+ Ne7 22.Rad1 Rac8 23.Qd7 
Qxg2+ 0-1

[Event "HCL-A090"]
[Site "www.playchess.de"]
[Date "2001.03.19"]
[Round "3"]
[White "Ariv_el_terrible"]
[Black "Chapo"]
[WhiteElo "1700"]
[BlackElo "1700"]
[PlyCount "22"]
[Result "0-1"]

1.e4 c5 {Suerte, compatriota}  2.Nf3 {Igualmente}  
d6 3.d4 cxd4 4.Nxd4 Nf6 5.Nc3 a6 6.Bg5 e6 7.f4 Be7 
8.Qf3 Qb6 9.O-O-O Nc6 10.Nb3 Qc7 11.g4 
b5 0-1

[Event "HCL-C204"]
[Site "www.playchess.de"]
[Date "2001.03.19"]
[Round "4"]
[White "ZenPuppie"]
[Black "surak"]
[WhiteElo "1000"]
[BlackElo "1257"]
[PlyCount "36"]
[Result "0-1"]

1.d4 e6 2.e4 d5 3.e5 c5 4.c4 cxd4 5.Nf3 Nc6 6.Qa4 
Bd7 7.cxd5 Nxe5 8.Bb5 Nxf3+ 9.gxf3 Bxb5 10.Qxb5+ 
Qd7 11.Qc4 Qxd5 12.Qd3 Bb4+ 13.Kd1 Ne7 14.Rg1 O-O 
15.Bh6 Ng6 16.a3 Be7 17.Bd2 Ne5 18.Qc2 
Qxf3+ 0-1

[Event "HCL-C204"]
[Site "www.playchess.de"]
[Date "2001.03.19"]
[Round "5"]
[White "surak"]
[Black "craigsadler"]
[WhiteElo "1257"]
[BlackElo "699"]
[PlyCount "44"]
[Result "0-1"]

1.e4 c6 2.d4 d5 3.e5 Bf5 4.h4 h5 5.c4 e6 6.Nc3 Bb4 
7.cxd5 cxd5 8.Qa4+ Nc6 9.Bb5 Bxc3+ 10.bxc3 Nge7 
11.Bg5 O-O 12.Bxc6 bxc6 13.Bxe7 Qxe7 14.Qxc6 Rfc8 
15.Qd6 Qxd6 16.exd6 Rcd8 17.Nf3 Rxd6 18.O-O Rc8 
19.Rfc1 Rdc6 20.Ne5 R6xc3 21.Rxc3 Rxc3 22.Rb1 
Bxb1 0-1

[Event "HCL-A086"]
[Site "www.playchess.de"]
[Date "2001.03.19"]
[Round "7"]
[White "Lydeking"]
[Black "peze"]
[WhiteElo "1658"]
[BlackElo "2005"]
[PlyCount "43"]
[Result "1/2-1/2"]

1.e4 e5 2.Nf3 Nf6 3.d4 Nxe4 4.Bd3 d5 5.Nxe5 Nd7 
6.Nxd7 Bxd7 7.O-O Bd6 8.c4 c6 9.cxd5 cxd5 10.Qh5 
O-O 11.Qxd5 Bc6 12.Qh5 g6 13.Qh3 Rc8 14.Bxe4 Bxe4 
15.Nc3 Bf5 16.Qf3 Qh4 17.g3 Qxd4 18.Rd1 Qc5 19.Be3 
Qc6 20.Nd5 f6 21.Rac1 Qd7 22.Rxc8 1/2-1/2

[Event "HCL-C205"]
[Site "www.playchess.de"]
[Date "2001.03.19"]
[Round "2"]
[White "xerxes2u"]
[Black "patzer"]
[WhiteElo "1379"]
[BlackElo "1251"]
[PlyCount "73"]
[Result "1-0"]

1.Nf3 Nf6 2.g3 g6 3.Bg2 Bg7 4.O-O O-O 5.d3 d6 6.e4 
e5 7.Nbd2 Nc6 8.b3 Bd7 9.Bb2 Re8 10.Re1 a6 11.d4 
Ng4 12.d5 Nd4 13.Nxd4 exd4 14.Nc4 Qf6 15.f3 Ne5 
16.Nxe5 dxe5 17.Qd3 Bb5 18.c4 dxc3 19.Qxc3 Qb6+ 
20.Qe3 Qxe3+ 21.Rxe3 c6 22.Rd1 Red8 23.d6 c5 24.a4 
Bc6 25.Ba3 b6 26.Rc3 Bd7 27.a5 Rab8 28.axb6 Rxb6 
29.Bxc5 Rc6 30.b4 Rb8 31.Ra1 Bf8 32.Rd3 h5 33.h3 
h4 34.gxh4 f5 35.f4 Bxd6 36.Bxd6 Rxd6 
37.Rxd6 1-0

[Event "HCL-A092"]
[Site "www.playchess.de"]
[Date "2001.03.19"]
[Round "4"]
[White "One_i"]
[Black "LarryM1633"]
[WhiteElo "1484"]
[BlackElo "1813"]
[PlyCount "44"]
[Result "1/2-1/2"]

1.d4 {good luck to you from Canada}  Nf6 {You Too, 
from Fla}  2.Nf3 g6 3.Bf4 Bg7 4.e3 d6 5.c3 O-O 
6.Bd3 Bg4 7.O-O Nbd7 8.Nbd2 e5 9.Bg3 Re8 10.dxe5 
dxe5 11.Be2 Nh5 12.Qb3 Nxg3 13.fxg3 Nf6 14.Bc4 Be6 
15.Rad1 Qc8 16.Ng5 Bxc4 17.Qxc4 Re7 18.Rf2 h6 
19.Nde4 hxg5 20.Nxf6+ Bxf6 21.Rxf6 Kg7 22.Rdf1 
Qd7 1/2-1/2

[Event "HCL-C205"]
[Site "www.playchess.de"]
[Date "2001.03.19"]
[Round "8"]
[White "Brazil"]
[Black "janaj"]
[WhiteElo "1800"]
[BlackElo "1000"]
[PlyCount "89"]
[Result "1-0"]

1.e4 e5 {The best regards from Munic to Brazil 
jana}  2.Nf3 d6 3.Nc3 Bg4 4.Be2 Nf6 5.O-O a6 6.d4 
Nc6 7.d5 Nd4 8.Nxd4 Qd7 9.Nb3 Be7 {Good night 
xerxes, see you tomorrow!}  10.Bxg4 Nxg4 {Sorry, 
for the message, which wasn't for you!}  11.h3 {No 
problem. Where do u live in Germany ?}  Nf6 
{Munic! where do you live in Brazil?}  12.Ne2 {São 
Paulo}  Nxe4 13.Qd3 f5 14.f3 Nc5 15.Nxc5 dxc5 
16.c4 O-O 17.f4 e4 18.Qe3 b6 19.Bd2 b5 20.b3 b4 
21.a3 a5 22.a4 Bd6 23.Bc1 Qe7 24.Bb2 Qh4 25.Qg3 
Qh6 26.Qg5 Qxg5 {hallo Brazil, what time is it 
know in your country?}  27.fxg5 {Hi ! Its 8:53 am. 
What about there ?}  g6 {Now I have to go onby 
working, I'm back at the evening!}  28.Bc1 {What 
do u do in your job ?}  Be5 29.Rb1 Rf7 {I built 
houses and sell them. What do you do?}  30.Bf4 
{Budget planning for engineering}  Bg7 {Nice 
weekend for you!}  31.Rbd1 {Back ! I missed i lot 
this site ...}  Rd8 {Only this site or all 
games...:-))}  32.Kf2 Rfd7 33.Rd2 c6 34.Rfd1 Re8 
35.Be3 Bf8 36.dxc6 Rc7 37.Nf4 Rxc6 {-}  38.R2d7 
Be7 39.Nd5 Re6 40.Nxe7+ R6xe7 41.Rxe7 Rxe7 42.Bxc5 
Re5 43.Rd8+ Kf7 44.Rd7+ Ke6 45.Re7+ 1-0

[Event "HCL-C205"]
[Site "www.playchess.de"]
[Date "2001.03.19"]
[Round "10"]
[White "Zooey"]
[Black "janaj"]
[WhiteElo "1508"]
[BlackElo "1000"]
[PlyCount "93"]
[Result "1-0"]

1.Nf3 d5 {Hallo Zooey, I hope we've a nice game 
together! Best regards jana}  2.g3 {So do I, good 
luck.}  Bf5 {Good luck for you too. Where in 
Danmark do you live?}  3.Bg2 {copenhagen. you're 
german, aren't you?}  e6 {Yes, Zooey, that's right 
and I'm here the first time.}  4.O-O {well, 
enjoy!}  Nc6 {its nice, here I can play chess and 
practice my English!}  5.d3 Bd6 {How long do you 
already play the chess here !}  6.c4 {This is my 
third tournament. Nice way to play chess! A nice 
mix of slow and fast.}  d4 7.Qb3 Na5 {Good 
morning, see you this evening, ok?!}  8.Qa4+ {yep} 
 Nc6 {hi zooey, now I've a little break for a 
move}  9.Nxd4 {break away}  Nge7 {I'm back, I had 
problems with PC}  10.Nxc6 bxc6 11.Bxc6+ Nxc6 
12.Qxc6+ Kf8 13.Bg5 f6 14.Bd2 Kf7 15.Ba5 Re8 
16.Nc3 a6 17.Na4 Bh3 18.Rfd1 Qc8 19.c5 Be5 20.d4 
Bxg3 21.hxg3 e5 22.Qxc7+ Kg6 23.Qxc8 Raxc8 24.d5 
Bg4 25.f3 Bf5 26.Rac1 h5 27.d6 Rcb8 28.d7 Bxd7 
29.Rxd7 Re6 30.c6 Rxc6 31.Rxc6 Rb5 32.Rxa6 Rb8 
33.g4 Rg8 34.gxh5+ Kxh5 35.e4 Kg5 36.Bd2+ Kh4 
37.Raa7 g5 38.Rdh7+ Kg3 39.Ra6 Rg6 40.Nc5 Kxf3 
41.Rh3+ Ke2 42.Raa3 g4 43.Rh2+ Kd1 44.Re3 g3 
45.Re1+ Kc2 46.Rg2 Kxb2 47.Bb4+ {Thank for a good 
game & good luck.}  1-0

[Event "HCL-B207"]
[Site "www.playchess.de"]
[Date "2001.03.19"]
[Round "3"]
[White "Ghostdog"]
[Black "Goldhair"]
[WhiteElo "1488"]
[BlackElo "1528"]
[PlyCount "44"]
[Result "0-1"]

1.e4 e6 2.d4 d5 3.Nd2 Nf6 4.e5 Nfd7 5.c4 dxc4 
6.Bxc4 c5 7.Ngf3 Nc6 8.Nb3 Qb6 9.Be3 cxd4 10.Bxd4 
Qb4+ 11.Nbd2 Nxd4 12.Nxd4 Qxb2 13.Rb1 Qxd4 14.O-O 
Nxe5 15.Rc1 Bd7 16.Nb3 Qxd1 17.Rfxd1 Ba3 18.Rcb1 
Nxc4 19.Rd4 Rc8 20.Rbd1 Ba4 21.R1d3 Bxb3 22.axb3 
Nb2 0-1

[Event "HCL-B207"]
[Site "www.playchess.de"]
[Date "2001.03.19"]
[Round "6"]
[White "Goldhair"]
[Black "smokin247"]
[WhiteElo "1528"]
[BlackElo "1200"]
[PlyCount "33"]
[Result "1-0"]

1.e4 g6 {hello}  2.d4 {good luck !}  b6 3.Nc3 Bg7 
4.Nf3 Bb7 5.Bc4 h6 6.Qd3 a6 7.Bd2 Nc6 8.Ne2 Nb4 
9.Bxb4 b5 10.Bxf7+ Kxf7 11.Ne5+ Ke8 12.Nxg6 Rh7 
13.e5 Bxg2 14.Ngf4 Bxh1 15.Qxh7 Kf7 16.e6+ Kf8 
17.Ng6+ 1-0

[Event "HCL-B201"]
[Site "www.playchess.de"]
[Date "2001.03.19"]
[Round "9"]
[White "SAROS"]
[Black "real1"]
[WhiteElo "1256"]
[BlackElo "1369"]
[PlyCount "51"]
[Result "1/2-1/2"]

1.e4 {Hello again}  c5 {hello again}  2.c3 Nc6 
3.Bb5 g6 4.Bxc6 bxc6 5.Nf3 e6 6.O-O Bg7 7.Na3 e5 
8.d3 Nf6 9.Qb3 d6 10.Ng5 O-O 11.h3 a5 12.Qd1 Ba6 
13.Re1 Re8 14.c4 d5 15.b3 Bh6 16.Bd2 Bb7 17.Qc1 
Nh5 18.Nf3 Nf4 19.Bxf4 Bxf4 20.Qc3 d4 21.Qc2 Re7 
22.Nb1 Bc8 23.Nbd2 Rea7 24.a4 Rb8 25.Rab1 Rab7 
26.Rb2 1/2-1/2

[Event "HCL-C201"]
[Site "www.playchess.de"]
[Date "2001.03.19"]
[Round "7"]
[White "TuffGong"]
[Black "craigsadler"]
[WhiteElo "1410"]
[BlackElo "699"]
[PlyCount "55"]
[Result "1-0"]

1.e4 {greetings, from LosAngeles, USA}  c6 {hello 
from Ottawa, Canada}  2.d4 d5 3.Nc3 dxe4 4.Nxe4 
Bf5 5.Ng3 Bg6 6.h4 h6 7.N1e2 Nf6 8.c3 e6 9.f4 Bd6 
10.f5 exf5 11.h5 Bh7 12.Nf4 O-O 13.Qb3 Qb6 14.Qc2 
Re8+ 15.Nge2 Bxf4 16.Bxf4 Ne4 17.Rh3 Nd7 18.O-O-O 
Nf2 19.Rg3 Nxd1 20.Qxd1 Nf6 21.Bxh6 g6 22.Nf4 Rad8 
23.hxg6 fxg6 24.Bc4+ Nd5 25.Nxg6 Kf7 26.Nf8 Rexf8 
27.Qh5+ Ke7 28.Rg7+ 1-0

[Event "HCL-C201"]
[Site "www.playchess.de"]
[Date "2001.03.19"]
[Round "16"]
[White "McLeod"]
[Black "craigsadler"]
[WhiteElo "1000"]
[BlackElo "699"]
[PlyCount "51"]
[Result "1-0"]

1.e4 c6 2.d4 d5 3.exd5 cxd5 4.c4 Nf6 5.Nc3 e6 
6.Nf3 Bb4 7.Bd3 O-O 8.cxd5 Bxc3+ 9.bxc3 exd5 
10.O-O Re8 11.Bg5 h6 12.Bh4 Bg4 13.h3 Be6 14.Rb1 
b6 15.Ne5 Nbd7 16.f4 Qc7 17.Rc1 Nxe5 18.dxe5 Ne4 
19.f5 Qxe5 20.fxe6 Qxe6 21.Bxe4 Qxe4 22.Bf2 Re5 
23.Bd4 Rg5 24.Qd2 Re8 25.Rce1 Qxe1 
26.Rxe1 1-0

[Event "HCL-A093"]
[Site "www.playchess.de"]
[Date "2001.03.19"]
[Round "2"]
[White "Gabylan"]
[Black "Badknights"]
[WhiteElo "1700"]
[BlackElo "1700"]
[PlyCount "45"]
[Result "1-0"]

1.d4 {Hello, I hope we both enjoy this game!  Good 
luck!}  Nf6 {Thanks good luck also}  2.Nf3 e6 3.c4 
Bb4+ 4.Bd2 a5 5.Bxb4 axb4 6.e3 d6 7.Bd3 O-O 8.e4 
Nbd7 9.O-O e5 10.Nbd2 c6 11.Nb3 Re8 12.Re1 c5 
13.dxc5 dxc5 14.Qe2 b6 15.Nbd2 Bb7 16.Nf1 Ra7 
17.Ne3 Bxe4 18.Bxe4 {finally!  We're back on 
line!!}  Nxe4 19.Qc2 Nef6 20.Nf5 Qa8 21.Nd6 Re6 
22.Nb5 {....}  Rb7 23.a3 1-0

[Event "HCL-C203"]
[Site "www.playchess.de"]
[Date "2001.03.19"]
[Round "7"]
[White "yaroslav"]
[Black "flywheel"]
[WhiteElo "1136"]
[BlackElo "1211"]
[PlyCount "30"]
[Result "0-1"]

1.e4 e5 2.d4 Bb4+ 3.c3 Ba5 4.b4 Bb6 5.c4 Bxd4 
6.Qf3 Bxa1 7.c5 Nc6 8.h4 Nf6 9.g4 d5 10.exd5 Nd4 
{Hello Friend :)}  11.Qa3 Nc2+ 12.Kd1 Nxa3 13.Nxa3 
Nxg4 14.Be3 Qxd5+ 15.Bd2 Nxf2+ 0-1

[Event "HCL-A094"]
[Site "www.playchess.de"]
[Date "2001.03.19"]
[Round "13"]
[White "anne_t"]
[Black "theman"]
[WhiteElo "1700"]
[BlackElo "1700"]
[PlyCount "39"]
[Result "1-0"]

1.e4 {Hello, i am Anne, 18 year from the 
netherlands, have a nice match}  e5 {Hi I am The 
man... 21, currently studying in  USA,how's 
Holland?}  2.d4 {Hi, Holland is a fine country to 
live in, peacefull and quiet. A little small but 
who care? :))}  exd4 {Hey, I am in the middle of 
exams and stuff, but I'll try and give u a good 
game. U're nice.}  3.Qxd4 {Thx. :) i'm a first 
year medical student. I won my first game in 4 
moves ! lol}  Nc6 {I am a third year, biomedical 
engineering, u already won your first game? please 
don't scare me! LOL}  4.Qd1 {I wont scare u up, i 
am just a simple player. he made such a dum move, 
oh well happens to me too :))}  Nf6 5.Bg5 Be7 {I 
am beggining to get scared, please take it easy on 
me!}  6.Nc3 {Lol, u are funny. Maybe i can learn a 
lot of u.:))}  O-O {I have never lost to a lady 
b4, but u just make me feel...scared?}  7.Be2 {I 
just won my first game in 4 moves, u cant lose in 
4 :))}  Nxe4 {U really scare me...}  8.Nxe4 Bxg5 
9.Nxg5 Qxg5 {thanx for the pawn}  10.Nf3 {not 
welcome, last time i be friendly to u, lousy 
tactic yr chatting.cost concentration}  Qf6 {This 
is not a tactic, its conversation... I like 
talking to u}  11.c3 Re8 12.O-O d6 13.Bb5 Bg4 
{hey, how r the med classes goin'}  14.Bxc6 {o ok 
thx}  bxc6 15.Qd3 Bxf3 {hey, long time no see!}  
16.Qxf3 Qxf3 17.gxf3 Rab8 {Comeon Anne, u gotta 
offer me more than just a draw!}  18.b4 {guess ur 
drunk?}  Rb5 19.Rfe1 {what the heck do u have in 
mind?}  Rf5 {make a wild guess!}  20.Rxe8+ {Better 
was to accept, u are checkmate now.lol thx and 
bye}  1-0

[Event "HCL-B204"]
[Site "www.playchess.de"]
[Date "2001.03.19"]
[Round "1"]
[White "Translightor"]
[Black "scd119"]
[WhiteElo "1474"]
[BlackElo "1500"]
[PlyCount "76"]
[Result "0-1"]

1.e4 {Welcome & Good Luck!}  e5 2.Nf3 Nc6 3.Bb5 a6 
4.Ba4 Nf6 5.d4 exd4 6.O-O Be7 7.Re1 b5 8.Bb3 d6 
9.Bd5 Nxd5 10.exd5 Ne5 11.Nxd4 O-O 12.Nc3 Re8 
13.Ne4 h6 14.a4 Bd7 15.b3 bxa4 16.bxa4 Qb8 17.c3 
Qb7 18.Bf4 Qxd5 19.Nf5 Qxd1 20.Nxe7+ Rxe7 21.Raxd1 
Bxa4 22.Rda1 Bb5 23.Nd2 a5 24.Nb3 a4 25.Nd4 Bd3 
26.Red1 Bc4 27.Nf5 Ree8 28.Rd4 Bb3 29.h3 Nc6 
30.Rd2 a3 31.Ne3 Ra4 32.Bg3 Rb8 33.Kf1 Be6 34.f4 
a2 35.f5 Rb1+ 36.Rd1 Bxf5 37.Ke2 Bg6 38.Kd2 
Na5 0-1

[Event "ACL-A115"]
[Site "www.playchess.de"]
[Date "2001.03.19"]
[Round "5"]
[White "Alyaspogi"]
[Black "DaveM"]
[WhiteElo "1500"]
[BlackElo "1424"]
[PlyCount "46"]
[Result "0-1"]

1.e4 {hi . how are you?}  c5 {good luck}  2.Nf3 
{Thank you. you too. where are you in usa?}  d6 
{from long island,ny}  3.d4 {oh. i see}  cxd4 
4.Nxd4 {i am in oklahoma}  Nf6 5.Nc3 a6 6.Bg5 e6 
7.Qf3 Nbd7 8.Bc4 Ne5 9.Qe2 Nxc4 10.Qxc4 Be7 
11.O-O-O O-O 12.f4 h6 13.Bh4 Bd7 14.e5 dxe5 
15.fxe5 Ng4 16.Bxe7 Qxe7 17.Rd2 Nxe5 18.Qc7 Ng6 
19.Qxb7 Rfb8 20.Qf3 Rbd8 21.Rf1 Rac8 22.Re2 Be8 
23.Nf5 Qc7 0-1

[Event "HCL-B204"]
[Site "www.playchess.de"]
[Date "2001.03.19"]
[Round "18"]
[White "Whatever"]
[Black "Jeff_Foster"]
[WhiteElo "1496"]
[BlackElo "1495"]
[PlyCount "33"]
[Result "1/2-1/2"]

1.e4 {Have a nice game.}  e5 {Good luck!}  2.Nf3 
Nc6 3.Bc4 Nf6 4.Ng5 d5 5.exd5 Na5 6.Bb5+ c6 7.dxc6 
bxc6 8.Qf3 Rb8 9.Bxc6+ Nxc6 10.Qxc6+ Nd7 11.d3 Be7 
12.Ne4 Rb6 13.Qa4 Bb7 14.Be3 Rxb2 15.O-O O-O 
16.Nbd2 Bxe4 17.Nxe4 1/2-1/2

[Event "HCL-A096"]
[Site "www.playchess.de"]
[Date "2001.03.19"]
[Round "9"]
[White "chessnut"]
[Black "Alyaspogi"]
[WhiteElo "2068"]
[BlackElo "1700"]
[PlyCount "27"]
[Result "1-0"]

1.c4 Nf6 2.g3 e5 3.Bg2 c6 4.d4 Bb4+ 5.Bd2 Bxd2+ 
6.Qxd2 exd4 7.Qxd4 O-O 8.Nc3 d6 9.Rd1 Be6 10.Nh3 
Re8 11.Nf4 Na6 12.Nxe6 Rxe6 13.Bh3 c5 
14.Qd2 1-0

[Event "ACL-E003"]
[Site "www.playchess.de"]
[Date "2001.03.19"]
[Round "32"]
[White "player27"]
[Black "deepcover"]
[WhiteElo "1695"]
[BlackElo "1710"]
[PlyCount "58"]
[Result "0-1"]

1.Nf3 {*handshake* good luck}  d5 {Same to you!}  
2.g3 c5 3.Bg2 Nc6 4.O-O Nf6 5.d4 e6 6.c4 cxd4 
7.Nxd4 Bc5 8.Nb3 Bb6 9.cxd5 Nxd5 10.e4 Ndb4 
11.Qxd8+ Bxd8 12.Na3 e5 13.Be3 O-O 14.Bc5 Re8 
15.Nb5 Be6 16.Nd6 Re7 17.Bxb4 Nxb4 18.Nc5 Bxa2 
19.Ncxb7 Bb6 20.Rfd1 Rc7 21.Rd2 Rb8 22.b3 Bxb3 
23.Rb2 Nc2 24.Rab1 Be6 25.Na5 Na3 26.Ra1 Rc2 
27.Rxc2 Nxc2 28.Rc1 Bxa5 29.Rxc2 
Rb1+ 0-1

[Event "HCL-B210"]
[Site "www.playchess.de"]
[Date "2001.03.19"]
[Round "6"]
[White "runciter"]
[Black "Translightor"]
[WhiteElo "1500"]
[BlackElo "1469"]
[PlyCount "109"]
[Result "1-0"]

1.c4 Nf6 {Hallo & Viel Spaß!}  2.d4 {Yoh, ebenso, 
wo kommst Du her?}  e6 {Hangover. Und Du?}  3.Nf3 
{Nähe von Stuttgart ... Schwabenland}  c5 
{Vereinsspieler?}  4.d5 {nicht mehr, früher mal, 
aber nur Bezirksklasse ... und Du?}  exd5 
{Verbandsliga - aber keine Angst, im 
Internetschach spiele ich kaum langsamer als beim 
Blitzen.}  5.cxd5 {Verbandsliga? Ja Mahlzeit ... 
keine Angst? Du bist gut ... :-)}  d6 {Guck Dir 
mal meine Partien auf freechess.de an - da habe 
ich von 1700ern mächtig Kloppe gekriegt!}  6.Nc3 
g6 7.Nd2 Bg7 8.e4 a6 9.a4 O-O 10.Be2 b6 11.O-O Ne8 
12.Qb3 Nd7 13.Nc4 Rb8 14.Bf4 Ne5 15.Bxe5 Bxe5 
16.Nxe5 dxe5 17.Rad1 Nd6 18.Rfe1 Re8 19.Bf3 Bd7 
20.Nb1 b5 21.Qc3 c4 22.axb5 axb5 23.Nd2 b4 24.Qc2 
Qc7 25.Rdc1 Rec8 26.Be2 Bb5 27.Nf3 f6 28.h3 Kg7 
29.g4 Qd7 30.Kg2 c3 31.Bxb5 Nxb5 32.Red1 Qd6 
33.Qb3 cxb2 34.Rxc8 Rxc8 35.Qxb2 Rc3 36.Qe2 Qc5 
37.g5 Rc2 38.Rd2 b3 39.Qd3 Rxd2 40.gxf6+ Kxf6 
41.Qxd2 Nd4 42.Qg5+ Kf7 43.Nxe5+ Ke8 44.Qf6 {Ein 
Glück, dass Du geblitzt hast, sonst sähe es etwas 
anders aus ...}  Qe7 {Ich habe in der letzten 
Woche sowieso reichlich gepatzt. Dein Angriff kam 
für mich aus dem Nichts.}  45.Qh8+ Qf8 46.Qxh7 Qd6 
47.Qg8+ Ke7 48.Nxg6+ Kd7 49.e5 Qb4 50.e6+ Kc7 
51.e7 b2 52.e8Q {%}  b1Q {%}  53.Qgf7+ {tolle 
Stellung, ein Bild für die Schachgötter}  Kb6 {Na 
ja, ich finde sie nicht so göttlich. Meine Dame c1 
ist nur ein toter Klotz in der Landschaft.}  
54.Qb8+ Ka5 {Na ja, ich finde sie nicht so 
göttlich. Meine Dame b1 ist nur ein toter Klotz in 
der Landschaft.}  55.Qfa7+ 1-0